| 000 | 00582nam a2200229Ia 4500 | ||
|---|---|---|---|
| 003 | OSt | ||
| 005 | 20221005115150.0 | ||
| 006 | a|||||r|||| 00| 0 | ||
| 007 | ta | ||
| 008 | Tel | ||
| 024 | _a1992 | ||
| 037 |
_bGift, 17/01/2013, _cTextual |
||
| 040 |
_aCRL _cCRL _bTel |
||
| 041 |
_2Tel _aTel |
||
| 082 | _aO33, P1 | ||
| 100 |
_aNayak D. B. _9627217 |
||
| 245 | 0 |
_aBudakattina lambani gadegalu _b A research study and collection |
|
| 260 | _c2001 | ||
| 650 | _aLITERATURE | ||
| 942 |
_hO33, P1 _cTEXL _2cc |
||
| 999 |
_c1033624 _d1033624 |
||